<?xml version="1.0" encoding="UTF-8"?>
<record
    xmlns:xsi="http://www.w3.org/2001/XMLSchema-instance"
    xsi:schemaLocation="http://www.loc.gov/MARC21/slim http://www.loc.gov/standards/marcxml/schema/MARC21slim.xsd"
    xmlns="http://www.loc.gov/MARC21/slim">

  <leader>01225cam a2200253 a 4500</leader>
  <controlfield tag="001">13719571</controlfield>
  <controlfield tag="005">20160802161056.0</controlfield>
  <controlfield tag="008">040915s2005    nyu    c      000 1 eng  </controlfield>
  <datafield tag="010" ind1=" " ind2=" ">
    <subfield code="a">  2004113550</subfield>
  </datafield>
  <datafield tag="020" ind1=" " ind2=" ">
    <subfield code="a">0060764902 (pbk.)</subfield>
  </datafield>
  <datafield tag="040" ind1=" " ind2=" ">
    <subfield code="a">PACU</subfield>
    <subfield code="c">PACU</subfield>
    <subfield code="b">eng</subfield>
  </datafield>
  <datafield tag="050" ind1="0" ind2="0">
    <subfield code="a">PZ7.L58474</subfield>
    <subfield code="b">Mag 2005</subfield>
  </datafield>
  <datafield tag="100" ind1="1" ind2=" ">
    <subfield code="a">Lewis, C. S.</subfield>
    <subfield code="q">(Clive Staples),</subfield>
    <subfield code="d">1898-1963.</subfield>
  </datafield>
  <datafield tag="245" ind1="1" ind2="4">
    <subfield code="a">The magician's nephew /</subfield>
    <subfield code="c">C. S. Lewis.</subfield>
  </datafield>
  <datafield tag="260" ind1=" " ind2=" ">
    <subfield code="a">New York, NY :</subfield>
    <subfield code="b">HarperCollins,</subfield>
    <subfield code="c">2005.</subfield>
  </datafield>
  <datafield tag="300" ind1=" " ind2=" ">
    <subfield code="a">219 p., 38 p. ;</subfield>
    <subfield code="c">21 cm.</subfield>
  </datafield>
  <datafield tag="490" ind1="1" ind2=" ">
    <subfield code="a">The chronicles of Narnia ;</subfield>
    <subfield code="v">bk. 1</subfield>
  </datafield>
  <datafield tag="500" ind1=" " ind2=" ">
    <subfield code="a">Includes chapter one from The lion, the witch and the wardrobe, excerpts from Beyond the wardrobe, and reading group guide to The magician's nephew.</subfield>
  </datafield>
  <datafield tag="520" ind1=" " ind2=" ">
    <subfield code="a">When Digory and Polly try to return the wicked witch Jadis to her own world, the magic gets mixed up and they all land in Narnia where they witness Aslan blessing the animals with human speech.</subfield>
  </datafield>
  <datafield tag="650" ind1=" " ind2="1">
    <subfield code="a">Fantasy.</subfield>
  </datafield>
  <datafield tag="800" ind1="1" ind2=" ">
    <subfield code="a">Lewis, C. S.</subfield>
    <subfield code="q">(Clive Staples),</subfield>
    <subfield code="d">1898-1963.</subfield>
    <subfield code="t">Chronicles of Narnia (HarperCollins (Firm)) ;</subfield>
    <subfield code="v">bk. 1.</subfield>
  </datafield>
  <datafield tag="856" ind1="4" ind2="2">
    <subfield code="3">Publisher description</subfield>
    <subfield code="u">http://www.loc.gov/catdir/enhancements/fy0633/2004113550-d.html</subfield>
  </datafield>
  <datafield tag="942" ind1=" " ind2=" ">
    <subfield code="2">lcc</subfield>
    <subfield code="c">E-BK</subfield>
    <subfield code="h">PZ7</subfield>
    <subfield code="i">.L58474</subfield>
    <subfield code="k">2005</subfield>
  </datafield>
  <datafield tag="952" ind1=" " ind2=" ">
    <subfield code="0">0</subfield>
    <subfield code="1">0</subfield>
    <subfield code="2">lcc</subfield>
    <subfield code="4">0</subfield>
    <subfield code="7">0</subfield>
    <subfield code="a">PAC</subfield>
    <subfield code="b">PAC</subfield>
    <subfield code="c">KINDLE</subfield>
    <subfield code="d">2016-08-02</subfield>
    <subfield code="e">Donation</subfield>
    <subfield code="l">0</subfield>
    <subfield code="o">FIC PZ7.L58474 2005</subfield>
    <subfield code="r">2016-08-02 00:00:00</subfield>
    <subfield code="t">C.1</subfield>
    <subfield code="w">2016-08-02</subfield>
    <subfield code="y">E-BK</subfield>
  </datafield>
  <datafield tag="952" ind1=" " ind2=" ">
    <subfield code="0">0</subfield>
    <subfield code="1">0</subfield>
    <subfield code="2">lcc</subfield>
    <subfield code="4">0</subfield>
    <subfield code="7">0</subfield>
    <subfield code="a">PAC</subfield>
    <subfield code="b">PAC</subfield>
    <subfield code="c">KINDLE</subfield>
    <subfield code="d">2016-08-02</subfield>
    <subfield code="e">Donation</subfield>
    <subfield code="l">0</subfield>
    <subfield code="o">FIC PZ7.L58474 2005</subfield>
    <subfield code="r">2016-08-02 00:00:00</subfield>
    <subfield code="t">C.2</subfield>
    <subfield code="w">2016-08-02</subfield>
    <subfield code="y">E-BK</subfield>
  </datafield>
  <datafield tag="952" ind1=" " ind2=" ">
    <subfield code="0">0</subfield>
    <subfield code="1">0</subfield>
    <subfield code="2">lcc</subfield>
    <subfield code="4">0</subfield>
    <subfield code="7">0</subfield>
    <subfield code="a">PAC</subfield>
    <subfield code="b">PAC</subfield>
    <subfield code="c">KINDLE</subfield>
    <subfield code="d">2016-08-02</subfield>
    <subfield code="e">Donation</subfield>
    <subfield code="l">0</subfield>
    <subfield code="o">FIC PZ7.L58474 2005</subfield>
    <subfield code="r">2016-08-02 00:00:00</subfield>
    <subfield code="t">C.3</subfield>
    <subfield code="w">2016-08-02</subfield>
    <subfield code="y">E-BK</subfield>
  </datafield>
  <datafield tag="952" ind1=" " ind2=" ">
    <subfield code="0">0</subfield>
    <subfield code="1">0</subfield>
    <subfield code="2">lcc</subfield>
    <subfield code="4">0</subfield>
    <subfield code="7">0</subfield>
    <subfield code="a">PAC</subfield>
    <subfield code="b">PAC</subfield>
    <subfield code="c">KINDLE</subfield>
    <subfield code="d">2016-08-02</subfield>
    <subfield code="e">Donation</subfield>
    <subfield code="l">0</subfield>
    <subfield code="o">FIC PZ7.L58474 2005</subfield>
    <subfield code="r">2016-08-02 00:00:00</subfield>
    <subfield code="t">C.4</subfield>
    <subfield code="w">2016-08-02</subfield>
    <subfield code="y">E-BK</subfield>
  </datafield>
  <datafield tag="952" ind1=" " ind2=" ">
    <subfield code="0">0</subfield>
    <subfield code="1">0</subfield>
    <subfield code="2">lcc</subfield>
    <subfield code="4">0</subfield>
    <subfield code="7">0</subfield>
    <subfield code="a">PAC</subfield>
    <subfield code="b">PAC</subfield>
    <subfield code="c">KINDLE</subfield>
    <subfield code="d">2016-08-02</subfield>
    <subfield code="e">Donation</subfield>
    <subfield code="l">0</subfield>
    <subfield code="o">FIC PZ7.L58474 2005</subfield>
    <subfield code="r">2016-08-02 00:00:00</subfield>
    <subfield code="t">C.5</subfield>
    <subfield code="w">2016-08-02</subfield>
    <subfield code="y">E-BK</subfield>
  </datafield>
  <datafield tag="952" ind1=" " ind2=" ">
    <subfield code="0">0</subfield>
    <subfield code="1">0</subfield>
    <subfield code="2">lcc</subfield>
    <subfield code="4">0</subfield>
    <subfield code="7">0</subfield>
    <subfield code="a">PAC</subfield>
    <subfield code="b">PAC</subfield>
    <subfield code="c">KINDLE</subfield>
    <subfield code="d">2016-08-02</subfield>
    <subfield code="e">Donation</subfield>
    <subfield code="l">0</subfield>
    <subfield code="o">FIC PZ7.L58474 2005</subfield>
    <subfield code="r">2016-08-02 00:00:00</subfield>
    <subfield code="t">C.6</subfield>
    <subfield code="w">2016-08-02</subfield>
    <subfield code="y">E-BK</subfield>
  </datafield>
  <datafield tag="952" ind1=" " ind2=" ">
    <subfield code="0">0</subfield>
    <subfield code="1">0</subfield>
    <subfield code="2">lcc</subfield>
    <subfield code="4">0</subfield>
    <subfield code="7">0</subfield>
    <subfield code="a">PAC</subfield>
    <subfield code="b">PAC</subfield>
    <subfield code="c">KINDLE</subfield>
    <subfield code="d">2016-08-02</subfield>
    <subfield code="e">Donation</subfield>
    <subfield code="l">0</subfield>
    <subfield code="o">FIC PZ7.L58474 2005</subfield>
    <subfield code="r">2016-08-02 00:00:00</subfield>
    <subfield code="t">C.7</subfield>
    <subfield code="w">2016-08-02</subfield>
    <subfield code="y">E-BK</subfield>
  </datafield>
  <datafield tag="952" ind1=" " ind2=" ">
    <subfield code="0">0</subfield>
    <subfield code="1">0</subfield>
    <subfield code="2">lcc</subfield>
    <subfield code="4">0</subfield>
    <subfield code="7">0</subfield>
    <subfield code="a">PAC</subfield>
    <subfield code="b">PAC</subfield>
    <subfield code="c">KINDLE</subfield>
    <subfield code="d">2016-08-02</subfield>
    <subfield code="e">Donation</subfield>
    <subfield code="l">0</subfield>
    <subfield code="o">FIC PZ7.L58474 2005</subfield>
    <subfield code="r">2016-08-02 00:00:00</subfield>
    <subfield code="t">C.8</subfield>
    <subfield code="w">2016-08-02</subfield>
    <subfield code="y">E-BK</subfield>
  </datafield>
  <datafield tag="952" ind1=" " ind2=" ">
    <subfield code="0">0</subfield>
    <subfield code="1">0</subfield>
    <subfield code="2">lcc</subfield>
    <subfield code="4">0</subfield>
    <subfield code="7">0</subfield>
    <subfield code="a">PAC</subfield>
    <subfield code="b">PAC</subfield>
    <subfield code="c">KINDLE</subfield>
    <subfield code="d">2016-08-02</subfield>
    <subfield code="e">Donation</subfield>
    <subfield code="l">0</subfield>
    <subfield code="o">FIC PZ7.L58474 2005</subfield>
    <subfield code="r">2016-08-02 00:00:00</subfield>
    <subfield code="t">C.9</subfield>
    <subfield code="w">2016-08-02</subfield>
    <subfield code="y">E-BK</subfield>
  </datafield>
  <datafield tag="952" ind1=" " ind2=" ">
    <subfield code="0">0</subfield>
    <subfield code="1">0</subfield>
    <subfield code="2">lcc</subfield>
    <subfield code="4">0</subfield>
    <subfield code="7">0</subfield>
    <subfield code="a">PAC</subfield>
    <subfield code="b">PAC</subfield>
    <subfield code="c">KINDLE</subfield>
    <subfield code="d">2016-08-02</subfield>
    <subfield code="e">Donation</subfield>
    <subfield code="l">0</subfield>
    <subfield code="o">FIC PZ7.L58474 2005</subfield>
    <subfield code="r">2016-08-02 00:00:00</subfield>
    <subfield code="t">C.10</subfield>
    <subfield code="w">2016-08-02</subfield>
    <subfield code="y">E-BK</subfield>
  </datafield>
  <datafield tag="952" ind1=" " ind2=" ">
    <subfield code="0">0</subfield>
    <subfield code="1">0</subfield>
    <subfield code="2">lcc</subfield>
    <subfield code="4">0</subfield>
    <subfield code="7">0</subfield>
    <subfield code="a">PAC</subfield>
    <subfield code="b">PAC</subfield>
    <subfield code="c">KINDLE</subfield>
    <subfield code="d">2016-08-02</subfield>
    <subfield code="e">Donation</subfield>
    <subfield code="l">0</subfield>
    <subfield code="o">FIC PZ7.L58474 2005</subfield>
    <subfield code="r">2016-08-02 00:00:00</subfield>
    <subfield code="t">C.11</subfield>
    <subfield code="w">2016-08-02</subfield>
    <subfield code="y">E-BK</subfield>
  </datafield>
  <datafield tag="952" ind1=" " ind2=" ">
    <subfield code="0">0</subfield>
    <subfield code="1">0</subfield>
    <subfield code="2">lcc</subfield>
    <subfield code="4">0</subfield>
    <subfield code="7">0</subfield>
    <subfield code="a">PAC</subfield>
    <subfield code="b">PAC</subfield>
    <subfield code="c">KINDLE</subfield>
    <subfield code="d">2016-08-02</subfield>
    <subfield code="e">Donation</subfield>
    <subfield code="l">0</subfield>
    <subfield code="o">FIC PZ7.L58474 2005</subfield>
    <subfield code="r">2016-08-02 00:00:00</subfield>
    <subfield code="t">C.12</subfield>
    <subfield code="w">2016-08-02</subfield>
    <subfield code="y">E-BK</subfield>
  </datafield>
  <datafield tag="952" ind1=" " ind2=" ">
    <subfield code="0">0</subfield>
    <subfield code="1">0</subfield>
    <subfield code="2">lcc</subfield>
    <subfield code="4">0</subfield>
    <subfield code="7">0</subfield>
    <subfield code="a">PAC</subfield>
    <subfield code="b">PAC</subfield>
    <subfield code="c">KINDLE</subfield>
    <subfield code="d">2016-08-02</subfield>
    <subfield code="e">Donation</subfield>
    <subfield code="l">0</subfield>
    <subfield code="o">FIC PZ7.L58474 2005</subfield>
    <subfield code="r">2016-08-02 00:00:00</subfield>
    <subfield code="t">C.13</subfield>
    <subfield code="w">2016-08-02</subfield>
    <subfield code="y">E-BK</subfield>
  </datafield>
  <datafield tag="952" ind1=" " ind2=" ">
    <subfield code="0">0</subfield>
    <subfield code="1">0</subfield>
    <subfield code="2">lcc</subfield>
    <subfield code="4">0</subfield>
    <subfield code="7">0</subfield>
    <subfield code="a">PAC</subfield>
    <subfield code="b">PAC</subfield>
    <subfield code="c">KINDLE</subfield>
    <subfield code="d">2016-08-02</subfield>
    <subfield code="e">Donation</subfield>
    <subfield code="l">0</subfield>
    <subfield code="o">FIC PZ7.L58474 2005</subfield>
    <subfield code="r">2016-08-02 00:00:00</subfield>
    <subfield code="t">C.14</subfield>
    <subfield code="w">2016-08-02</subfield>
    <subfield code="y">E-BK</subfield>
  </datafield>
  <datafield tag="952" ind1=" " ind2=" ">
    <subfield code="0">0</subfield>
    <subfield code="1">0</subfield>
    <subfield code="2">lcc</subfield>
    <subfield code="4">0</subfield>
    <subfield code="7">0</subfield>
    <subfield code="a">PAC</subfield>
    <subfield code="b">PAC</subfield>
    <subfield code="c">KINDLE</subfield>
    <subfield code="d">2016-08-02</subfield>
    <subfield code="e">Donation</subfield>
    <subfield code="l">0</subfield>
    <subfield code="o">FIC PZ7.L58474 2005</subfield>
    <subfield code="r">2016-08-02 00:00:00</subfield>
    <subfield code="t">C.15</subfield>
    <subfield code="w">2016-08-02</subfield>
    <subfield code="y">E-BK</subfield>
  </datafield>
  <datafield tag="952" ind1=" " ind2=" ">
    <subfield code="0">0</subfield>
    <subfield code="1">0</subfield>
    <subfield code="2">lcc</subfield>
    <subfield code="4">0</subfield>
    <subfield code="7">0</subfield>
    <subfield code="a">PAC</subfield>
    <subfield code="b">PAC</subfield>
    <subfield code="c">KINDLE</subfield>
    <subfield code="d">2016-08-02</subfield>
    <subfield code="e">Donation</subfield>
    <subfield code="l">0</subfield>
    <subfield code="o">FIC PZ7.L58474 2005</subfield>
    <subfield code="r">2016-08-02 00:00:00</subfield>
    <subfield code="t">C.16</subfield>
    <subfield code="w">2016-08-02</subfield>
    <subfield code="y">E-BK</subfield>
  </datafield>
  <datafield tag="952" ind1=" " ind2=" ">
    <subfield code="0">0</subfield>
    <subfield code="1">0</subfield>
    <subfield code="2">lcc</subfield>
    <subfield code="4">0</subfield>
    <subfield code="7">0</subfield>
    <subfield code="a">PAC</subfield>
    <subfield code="b">PAC</subfield>
    <subfield code="c">KINDLE</subfield>
    <subfield code="d">2016-08-02</subfield>
    <subfield code="e">Donation</subfield>
    <subfield code="l">0</subfield>
    <subfield code="o">FIC PZ7.L58474 2005</subfield>
    <subfield code="r">2016-08-02 00:00:00</subfield>
    <subfield code="t">C.17</subfield>
    <subfield code="w">2016-08-02</subfield>
    <subfield code="y">E-BK</subfield>
  </datafield>
  <datafield tag="952" ind1=" " ind2=" ">
    <subfield code="0">0</subfield>
    <subfield code="1">0</subfield>
    <subfield code="2">lcc</subfield>
    <subfield code="4">0</subfield>
    <subfield code="7">0</subfield>
    <subfield code="a">PAC</subfield>
    <subfield code="b">PAC</subfield>
    <subfield code="c">KINDLE</subfield>
    <subfield code="d">2016-08-02</subfield>
    <subfield code="e">Donation</subfield>
    <subfield code="l">0</subfield>
    <subfield code="o">FIC PZ7.L58474 2005</subfield>
    <subfield code="r">2016-08-02 00:00:00</subfield>
    <subfield code="t">C.18</subfield>
    <subfield code="w">2016-08-02</subfield>
    <subfield code="y">E-BK</subfield>
  </datafield>
  <datafield tag="952" ind1=" " ind2=" ">
    <subfield code="0">0</subfield>
    <subfield code="1">0</subfield>
    <subfield code="2">lcc</subfield>
    <subfield code="4">0</subfield>
    <subfield code="7">0</subfield>
    <subfield code="a">PAC</subfield>
    <subfield code="b">PAC</subfield>
    <subfield code="c">KINDLE</subfield>
    <subfield code="d">2016-08-02</subfield>
    <subfield code="e">Donation</subfield>
    <subfield code="l">0</subfield>
    <subfield code="o">FIC PZ7.L58474 2005</subfield>
    <subfield code="r">2016-08-02 00:00:00</subfield>
    <subfield code="t">C.19</subfield>
    <subfield code="w">2016-08-02</subfield>
    <subfield code="y">E-BK</subfield>
  </datafield>
  <datafield tag="952" ind1=" " ind2=" ">
    <subfield code="0">0</subfield>
    <subfield code="1">0</subfield>
    <subfield code="2">lcc</subfield>
    <subfield code="4">0</subfield>
    <subfield code="7">0</subfield>
    <subfield code="a">PAC</subfield>
    <subfield code="b">PAC</subfield>
    <subfield code="c">KINDLE</subfield>
    <subfield code="d">2016-08-02</subfield>
    <subfield code="e">Donation</subfield>
    <subfield code="l">0</subfield>
    <subfield code="o">FIC PZ7.L58474 2005</subfield>
    <subfield code="r">2016-08-02 00:00:00</subfield>
    <subfield code="t">C.20</subfield>
    <subfield code="w">2016-08-02</subfield>
    <subfield code="y">E-BK</subfield>
  </datafield>
  <datafield tag="952" ind1=" " ind2=" ">
    <subfield code="0">0</subfield>
    <subfield code="1">0</subfield>
    <subfield code="2">lcc</subfield>
    <subfield code="4">0</subfield>
    <subfield code="7">0</subfield>
    <subfield code="a">PAC</subfield>
    <subfield code="b">PAC</subfield>
    <subfield code="c">KINDLE</subfield>
    <subfield code="d">2016-08-02</subfield>
    <subfield code="e">Donation</subfield>
    <subfield code="l">0</subfield>
    <subfield code="o">FIC PZ7.L58474 2005</subfield>
    <subfield code="r">2016-08-02 00:00:00</subfield>
    <subfield code="t">C.21</subfield>
    <subfield code="w">2016-08-02</subfield>
    <subfield code="y">E-BK</subfield>
  </datafield>
  <datafield tag="952" ind1=" " ind2=" ">
    <subfield code="0">0</subfield>
    <subfield code="1">0</subfield>
    <subfield code="2">lcc</subfield>
    <subfield code="4">0</subfield>
    <subfield code="7">0</subfield>
    <subfield code="a">PAC</subfield>
    <subfield code="b">PAC</subfield>
    <subfield code="c">KINDLE</subfield>
    <subfield code="d">2016-08-02</subfield>
    <subfield code="e">Donation</subfield>
    <subfield code="l">0</subfield>
    <subfield code="o">FIC PZ7.L58474 2005</subfield>
    <subfield code="r">2016-08-02 00:00:00</subfield>
    <subfield code="t">C.22</subfield>
    <subfield code="w">2016-08-02</subfield>
    <subfield code="y">E-BK</subfield>
  </datafield>
  <datafield tag="952" ind1=" " ind2=" ">
    <subfield code="0">0</subfield>
    <subfield code="1">0</subfield>
    <subfield code="2">lcc</subfield>
    <subfield code="4">0</subfield>
    <subfield code="7">0</subfield>
    <subfield code="a">PAC</subfield>
    <subfield code="b">PAC</subfield>
    <subfield code="c">KINDLE</subfield>
    <subfield code="d">2016-08-02</subfield>
    <subfield code="e">Donation</subfield>
    <subfield code="l">0</subfield>
    <subfield code="o">FIC PZ7.L58474 2005</subfield>
    <subfield code="r">2016-08-02 00:00:00</subfield>
    <subfield code="t">C.23</subfield>
    <subfield code="w">2016-08-02</subfield>
    <subfield code="y">E-BK</subfield>
  </datafield>
  <datafield tag="952" ind1=" " ind2=" ">
    <subfield code="0">0</subfield>
    <subfield code="1">0</subfield>
    <subfield code="2">lcc</subfield>
    <subfield code="4">0</subfield>
    <subfield code="7">0</subfield>
    <subfield code="a">PAC</subfield>
    <subfield code="b">PAC</subfield>
    <subfield code="c">KINDLE</subfield>
    <subfield code="d">2016-08-02</subfield>
    <subfield code="e">Donation</subfield>
    <subfield code="l">0</subfield>
    <subfield code="o">FIC PZ7.L58474 2005</subfield>
    <subfield code="r">2016-08-02 00:00:00</subfield>
    <subfield code="t">C.24</subfield>
    <subfield code="w">2016-08-02</subfield>
    <subfield code="y">E-BK</subfield>
  </datafield>
  <datafield tag="952" ind1=" " ind2=" ">
    <subfield code="0">0</subfield>
    <subfield code="1">0</subfield>
    <subfield code="2">lcc</subfield>
    <subfield code="4">0</subfield>
    <subfield code="7">0</subfield>
    <subfield code="a">PAC</subfield>
    <subfield code="b">PAC</subfield>
    <subfield code="c">KINDLE</subfield>
    <subfield code="d">2016-08-02</subfield>
    <subfield code="e">Donation</subfield>
    <subfield code="l">0</subfield>
    <subfield code="o">FIC PZ7.L58474 2005</subfield>
    <subfield code="r">2016-08-02 00:00:00</subfield>
    <subfield code="t">C.25</subfield>
    <subfield code="w">2016-08-02</subfield>
    <subfield code="y">E-BK</subfield>
  </datafield>
  <datafield tag="999" ind1=" " ind2=" ">
    <subfield code="c">28533</subfield>
    <subfield code="d">28533</subfield>
  </datafield>
</record>
